| 000 | 00959nam a22003137a 4500 | ||
|---|---|---|---|
| 001 | BR7804521 | ||
| 003 | BR-BrBNA | ||
| 005 | 20230928085651.0 | ||
| 007 | ta | ||
| 008 | 230509b bl.||||| |||| 00| 0 por d | ||
| 040 |
_aBR-BrBNA _bpor _cBiblioteca Nacional de Agricultura |
||
| 041 | _a(Por) | ||
| 072 |
_aF00; E70 _b0210 _b/G514 |
||
| 090 | _ 0210 BR7804521 | ||
| 100 | 1 | _aSilva, L.C. | |
| 110 | 1 |
_aUnidade de Execucao de Pesquisa de Ambito Estadual de Lagoa Seca, PB (Brasil) _910367 |
|
| 245 | 1 | _aClassificacao e armazenamento de batata inglesa [Solanum tuberosum; Colheita; Controle de qualidade; Paraiba; Brasil] | |
| 260 | 3 |
_aLagoa Seca, PB (Brasil): _c1978. |
|
| 300 | _a6 p. | ||
| 650 | _aProducao vegetal | ||
| 650 | _aComercializacao | ||
| 650 | _aBatata inglesa | ||
| 650 | _aArmazenamento | ||
| 650 | _aColheita | ||
| 650 | _aControle de qualidade | ||
| 650 | _aParaiba | ||
| 909 |
_a202309 _bLucia _c55 _dLucia Elande |
||
| 942 | _cBK | ||
| 999 |
_c25672 _d25672 |
||